Fr. Conceicao Rodrigues College of Engineering

Text book of Workshop technology (Record no. 23009)

MARC details
000 -LEADER
fixed length control field 00331nam a2200157Ia 4500
082 ## - DEWEY DECIMAL CLASSIFICATION NUMBER
Classification number 658.5/KHU
Item number KHU
100 ## - MAIN ENTRY--PERSONAL NAME
Personal name Khurmi/R.S/ Gupta/J.K
245 ## - TITLE STATEMENT
Title Text book of Workshop technology
260 ## - PUBLICATION, DISTRIBUTION, ETC.
Name of publisher, distributor, etc. S.Chand & Co.
366 ## - TRADE AVAILABILITY INFORMATION
Publishers's discount category 12.5
300 ## - PHYSICAL DESCRIPTION
Extent 551
546 ## - LANGUAGE NOTE
Language note ENGLISH
650 ## - SUBJECT ADDED ENTRY--TOPICAL TERM
Topical term or geographic name entry element Workshop
942 ## - ADDED ENTRY ELEMENTS (KOHA)
Koha item type BOOK
Holdings
Withdrawn status Lost status Damaged status Not for loan Collection Home library Current library Date acquired Source of acquisition Cost, normal purchase price Inventory number Total Checkouts Full call number Barcode Date last seen Cost, replacement price Price effective from Koha item type
        CRC Fr. Agnel's C.Rodrigues College of Engineering Fr. Agnel's C.Rodrigues College of Engineering 17/03/2023 Educational books and periodicals 218.75 257 dt 27/04/2009   658.5/KHU KHU 19514 17/03/2023 250.00   BOOK